000 01076nas a2200349 4500
001 BR2014006508
003 BR-BrBNA
005 20231205124618.0
007 ta
008 230509b bl.|||p| |||| 00| 00por d
040 _aBR-BrBNA
_bpor
_cBiblioteca Nacional de Agricultura
041 _a(Pt)
072 _aL51
100 1 _aAraújo, L.M. de
100 1 _aAlves, D.D.
100 1 _aPorto, E.M.V.
100 1 _aSoares, F.D. dos S.
100 1 _aSimões, D.A.
100 1 _aSilva, M.V.L.
100 1 _aSilva, M.F. da
100 1 _aDavid, A.M.S. de S.
245 1 _aDesempenho produtivo e comportamento ingestivo de ovinos submetidos a diferentes estratégias de suplementação
650 _aOVINO
650 _aDIETA
650 _aMATÉRIA SECA
650 _aSUPLEMENTO ALIMENTAR
650 _aINGESTÃO
650 _aGANHO DE PESO
773 0 _tRevista Acadêmica. Ciências Agrárias e Ambientais (Brazil)
_xISSN 0103-989X
_g(Apr-Jun 2012), v. 10(2) p. 137-146
_wBR2014006508
909 _a202311
_bLúcia
_c55
_dLúcia Elande
942 _2AGRIS
_n0
_cANA
999 _c239981
_d239981